000 00369nam a2200145Ia 4500
008 191201s2004 xx 000 0 und d
082 _a658.5
_bJAP
100 _aJAIN, K C
245 0 _aProduction Planning Control and Industrial Management
250 _a6th
260 _aN.Delhi
_bKhanna Publisher
_c2004
300 _a1491
650 _aB.Tech(ME)
942 _2ddc
_cBK
999 _c1976
_d1976